Normal view MARC view
  • Northern Areas (Pakistan)

Entry Topical Term

Number of records used in: 4

001 - CONTROL NUMBER

  • control field: 4866

003 - CONTROL NUMBER IDENTIFIER

  • control field: NUST

005 - DATE AND TIME OF LATEST TRANSACTION

  • control field: 20170922125419.0

008 - FIXED-LENGTH DATA ELEMENTS

  • fixed length control field: 170922|| aca||aabn | a|a d

040 ## - CATALOGING SOURCE

  • Original cataloging agency: NUST
  • Transcribing agency: NUST

150 ## - HEADING--TOPICAL TERM

  • Topical term or geographic name entry element: Northern Areas (Pakistan)
  • General subdivision: History, Military.

670 ## - SOURCE DATA FOUND

  • Source citation: Work cat.: (NUST)0: Baloch, Sikandar Khan. 4864, In the wonderland of Asia, Gilgit & Baltistan /, 2004.
© 2023 Central Library, National University of Sciences and Technology. All Rights Reserved.